00305 a2200133 450000100060000002000180000604000240002410000230004824000290007124500240010030000070012436200090013165000310014013004 a9788572085892 cAnchieta - Aquarius aMachado, Ana Maria10aO jogo do vira-viralpor10aO jogo do vira-vira a330 a2009 4aLiteratura infanto-juvenil